00737nam a22002297a 4500003000400000005001700004008004100021020001800062082001400080100001400094245006800108260004500176300002000221653002200241653002300263700002800286700003000314700002200344942001200366999001700378952011200395OSt20260325162211.0260325b |||||||| |||| 00| 0 eng d a9780190124809 a647bS22T aSudha, R. aA textbook for french for hospitality cby Sudha R. and others  aNew delhibOxfrod university pressc2021 axiii, 112p.bPB aHotel management  aFrench hospitality aBalan, JayanthieAuthor aKumar, P. RanjitheAuthor aRahul, I.eAuthor 2ddccBK c29251d29251 00102ddc40708TXBaCURAJbCURAJcHMd2026-03-25g495.00l0o647 S22Tp048170r2026-03-25w2026-03-25yBK